00605nam a2200205 i 4500001000700000003000900007005001700016007000300033008004100036080001600077100002100093245009500114250001500209260004100224300003200265490001800297700003500315830001800350852003100368142496ES-MaACL20250910213510.0t|071005s1949 sp ||||1| cat d a863-821"18"1 aVilanova, Emili.10aEmili Vilanova i el seu temps b: obres completes / cestudi crític per Antoni Vilanova. a[1ª ed.]. aBarcelona : bEdit. Selecta, c1949. aCXXVIII, 1275 p. ; c21 cm.1 aPerenne ; v91 aVilanova, Antonio, d1923-20080 aPerenne ; v9 aES-MaACLjD-7822 bR.29178